| 000 | 01565nam0a2200361 4500 | ||
|---|---|---|---|
| 001 | RU\NLR\bibl\61878 | ||
| 005 | 20230213155131.0 | ||
| 010 |
_a5-7107-2306-1 _962000 |
||
| 021 |
_aRU _b99-38180 _91882 |
||
| 021 |
_aRU _b1999-39826 _91967 |
||
| 035 | _a(NLR Aleph) 000060374 | ||
| 090 |
_a328550 _c328550 |
||
| 100 | _a19991203d1999 e y0rusy50 ca | ||
| 101 | 0 | _arus | |
| 102 | _aRU | ||
| 105 | _aac ||||||||| | ||
| 200 | 1 |
_aХимия _e11 кл. _eУчеб. для общеобразоват. учеб. заведений _fЛ.С. Гузей, Р.П. Суровцева, Г.Г. Лысова |
|
| 210 |
_aМ. _cДрофа _d1999 |
||
| 215 |
_a235 с. _cил., портр. _d22 |
||
| 320 | _aБиблиогр. в подстроч. примеч. | ||
| 606 | 0 |
_aХимия _jРуководства, пособия и т.п. для средней школы _9898913 _3RU\NLR\auth\666296 |
|
| 606 | 0 |
_aХимия _jУчебные издания для средней школы _9898913 _3RU\NLR\auth\666296 |
|
| 686 | _aГ1я721-1 | ||
| 700 | 1 |
_4070 _7ca _8rus _aГузей _bЛ. С. _f1935-2014 _gЛеонид Степанович _9111517 _3RU\NLR\AUTH\771495 |
|
| 701 | 1 |
_4070 _7ca _8rus _aСуровцева _bР. П. _f1934- _gРимма Петровна _9116893 _3RU\NLR\AUTH\776947 |
|
| 701 | 1 |
_aЛысова _bГ. Г. _gГалина Георгиевна _4070 |
|
| 801 | 0 |
_aRU _bNLR _c19991203 _gPSBO |
|
| 801 | 1 |
_aRU _bNLR _c19991203 |
|
| 852 |
_aNLR _j99-5/3971 |
||
| 942 | _cBOOK | ||
| 980 | _aNB | ||